Mapa carretero de la Provincia de Buenos Aires [material cartográfico] : zona agrícola ganadero de la república argentina.
Guardado en:
| Formato: | Mapa |
|---|---|
| Publicado: |
Buenos Aires :
Burmar,
1983
|
| Materias: | |
| Etiquetas: |
Agregar Etiqueta
Sin Etiquetas, Sea el primero en etiquetar este registro!
|
| LEADER | 00605nem a22001695a 4500 | ||
|---|---|---|---|
| 001 | CEM.cems017642 | ||
| 008 | 130507s1983##############a#####1#######d | ||
| 005 | 20230823115601.0 | ||
| 245 | 0 | 0 | |a Mapa carretero de la Provincia de Buenos Aires [material cartográfico] : |b zona agrícola ganadero de la república argentina. |
| 260 | |a Buenos Aires : |b Burmar, |c 1983 | ||
| 300 | |a 1 mapa : col. | ||
| 082 | 0 | 4 | |a 912.821 |
| 653 | |a Argentina-mapa carretero | ||
| 653 | |a Mapas | ||
| 653 | |a Mapa carretero | ||
| 653 | |a Zona agrícola ganadera-mapa carretero | ||
| 859 | |a CEMS |b BIB. CEMS - Agricultura |h 912.821 |i Ar37 |p A0014.011 |t Ej.1 | ||
